000 00647nam a2200241Ia 4500
003 OSt
005 20250428111225.0
008 210324s9999||||xx |||||||||||||| ||und||
040 _cSTCPL
041 _aENG
082 _a516
_bEDW-E
100 _aMoise, Edwin E
245 0 _aElementary geometry from an advanced standpoint /
_cby Edwin E Moise
260 _aLondon :
_bAddison-Wesley Publishing Co., Inc. ,
_c1963 .
300 _a419 p.
_bHB
650 _aGeometry
650 _aThree geometries
650 _aCircles and spheres
650 _aRigid motion
650 _aThe postulational method
942 _cBK
942 _2ddc
_n0
999 _c9617
_d9617